| 000 -LEADER |
| fixed length control field |
00693nam a2200217Ia 4500 |
| 001 - CONTROL NUMBER |
| control field |
8246 |
| 003 - CONTROL NUMBER IDENTIFIER |
| control field |
GE_BSU |
| 008 - FIXED-LENGTH DATA ELEMENTS--GENERAL INFORMATION |
| fixed length control field |
181216s||||||||xx |||||||||||||| ||und|| |
| 040 ## - CATALOGING SOURCE |
| Transcribing agency |
GE_BSU |
| 245 ## - TITLE STATEMENT |
| Title |
Теоретическая и математическая физика (Том 176) №3 2013 |
| 245 ## - TITLE STATEMENT |
| Statement of responsibility, etc. |
Гл.ред.А.А.Славнов |
| 250 ## - EDITION STATEMENT |
| Edition statement |
Ежемесячный журнал. |
| 260 ## - PUBLICATION, DISTRIBUTION, ETC. |
| Place of publication, distribution, etc. |
Москва. |
| 260 ## - PUBLICATION, DISTRIBUTION, ETC. |
| Name of publisher, distributor, etc. |
Наука. |
| 260 ## - PUBLICATION, DISTRIBUTION, ETC. |
| Date of publication, distribution, etc. |
2013.Август. |
| 300 ## - PHYSICAL DESCRIPTION |
| Extent |
336ст,23см. |
| 653 ## - INDEX TERM--UNCONTROLLED |
| Uncontrolled term |
Периодика |
| 653 ## - INDEX TERM--UNCONTROLLED |
| Uncontrolled term |
Теоретическая и математическая физика. |
| 653 ## - INDEX TERM--UNCONTROLLED |
| Uncontrolled term |
პერიოდიკა |
| 942 ## - ADDED ENTRY ELEMENTS (KOHA) |
| Koha item type |
პერიოდიკა |